লোডিং...

Managing business enterprises Strategies, structures and systems

গ্রন্থ-পঞ্জীর বিবরন
প্রধান লেখক: Bhattacharya, S.K
অন্যান্য লেখক: Venkataraman, N.
বিন্যাস: Printed Book
ভাষা:English
প্রকাশিত: New Delhi Vikas Publishing House Pvt. Ltd. 1983
LEADER 00564nam a22001577a 4500
005 20151215125251.0
008 091119t xxu||||| |||| 00| 0 eng d
082 |a 658  |b BHA 
100 |a Bhattacharya, S.K.  |9 9273 
245 |a Managing business enterprises  |b Strategies, structures and systems 
300 |a xii, 227p. 
700 |a Venkataraman, N.  |9 9875 
942 |c BK  |6 _ 
260 |c 1983  |a New Delhi  |b Vikas Publishing House Pvt. Ltd. 
999 |c 100618  |d 100618 
952 |0 0  |1 0  |2 ddc  |4 0  |6 658BHA_  |7 0  |9 126894  |a SMS  |b SMS  |c GEN  |d 2009-11-19  |o 658BHA  |p SMS014274  |r 2009-11-19  |w 2009-11-19  |y BK